| 000 | 00775cam a2200241 4500 | ||
|---|---|---|---|
| 999 |
_c30941 _d30941 |
||
| 001 | 1716973 | ||
| 003 | ARRUPE | ||
| 005 | 20170728094443.0 | ||
| 008 | 730430s1973 cau b 000 0 eng | ||
| 010 | _a 72093649 | ||
| 020 | _a0822100916 | ||
| 040 |
_aDLC _cDLC _dDLC |
||
| 050 | 0 | 0 |
_aB819 _b.G656 |
| 082 | 0 | 0 | _a142/.7 |
| 100 | 1 |
_aGould, James A., _d1922- _ecomp. _933821 |
|
| 245 | 1 | 0 |
_aExistentialist philosophy, _cedited by James A. Gould [and] Willis H. Truitt. |
| 260 |
_aEncino, Calif., _bDickenson Pub. Co. _c[1973] |
||
| 300 |
_a391 p. _c24 cm. |
||
| 504 | _aBibliography: p. 385-391. | ||
| 650 | 0 |
_aExistentialism. _91759 |
|
| 700 | 1 |
_aTruitt, Willis H., _ejoint comp. _933822 |
|
| 906 |
_a7 _bcbc _corignew _d2 _eopcn _f19 _gy-gencatlg |
||
| 942 |
_2lcc _cMONOGRAPH |
||